02782 a2200421 4500003000900000005001700009008004100026040001300067100006100080245004000141250001100181260004800192300003600240500006000276505035600336511002900692511002900721511003800750511003000788700011300818700009700931700008001028700006701108700009901175700008601274700008601360700008101446700008101527700008601608700009601694700008601790700008401876700008201960700007702042700008402119700008602203700007102289IT-RoPau20220918181121.0131220b xxu||||| |||| 00| 0 eng d cIT-RoPau aAA.VV.eAutore musicaqCodice autore musica SPICS: 12000 aSummertime in Venezia (Lp Vpas 886) a1a ed. aMILANObVEDETTE RECORDSc1970 [1a Ed.:1970] aDISCOc32 minuti (Testo: pag.) aMusica strumentale italiana. Musica dedicata a Venezia. aFontana di Trevi [(Three Coins in the Fountain) (3:00)] - Anema e core (3:00) - Venezia, la luna e tu (3:00) - Summertime in Venezia (3:00) - Il cielo in una stanza (3:00) - Arrivederci 83:00) - Arrivederci Roma (3:00) - I Found My Love in Portofino (4:00) - E se domani (3:00) - Senza fine (3:00) - Sand, Sun and Sugar (3:00) - O ciucciariello (3:00) aOrchestra Peter Hamilton aOrchestra Puccio Roelens aOrchestra Bruno Battisti D'Amario aOrchestra Billy & Friends aCahn SammydCodice autore musica SPICS: 13947eAutore musicapFontana di Trevi (Three Coins in the Fountain) aStein J.dCodice autore SPICS: 13952eAutorepFontana di Trevi (Three Coins in the Fountain) aManlio TitodCodice autore musica SPICS: 13497eAutore musicapAnema e core aEsposito TonydCodice autore SPICS: 1121eAutorepAnema e core aDerevitsky AlessandrodCodice autore musica SPICS: 13617eAutore musicapVenezia, la luna e tu aIcini A.dCodice autore musica SPICS: 13955eAutore musicapSummertime in Venezia aRapettidCodice autore musica SPICS: 14325eAutore musicapIl cielo in una stanza aAngiolini SaveriodCodice autore SPICS: 9877eAutorepIl cielo in una stanza aBindi UmbertodCodice autore musica SPICS: 13681eAutore musicapArrivederci aRascel RenatodCodice autore musica SPICS: 13602eAutore musicapArrivederci Roma aChiosso LeodCodice autore musica SPICS: 13606eAutore musicapI Found My Love in Portofino aBuscaglione FreddCodice autore SPICS: 1133eAutorepI Found My Love in Portofino aCalabrese GiorgiodCodice autore musica SPICS: 1368eAutore musicapE se domani aRossi Carlo Alberto (Cicero)dCodice autore SPICS: 13130eAutorepE se domani aPaoli GinodCodice autore musica SPICS: 11057eAutore musicapSenza fine aTical H.dCodice autore musica SPICS: 13941eAutore musicapSand, Sun and Sugar aMurolo RobertodCodice autore musica SPICS: 13697eAutore musicapO ciucciariello aOliviero NinodCodice autore SPICS: 14018eAutorepO ciucciariello